Every World Leader in 1880 by Image - Statistics

General Stats
  • This quiz has been taken 7 times
    3 since last reset
  • The average score is 30 of 341
Answer Stats
Picture Hint Answer % Correct
Russian Empire Aleksándr II Nikoláyevich
100%
Mexico (1877-1880) Porfirio Díaz
100%
German Empire & Kingdom of Prussia Wilhelm I Hohenzollern
100%
Ottoman Empire Abdul Hamid II Osmanoğlu
67%
Sultanate of Johor Abu Bakar Temenggong
67%
United Kingdom (1874-1880) Benjamin Disraeli
67%
Principality of Romania (Monarch) Carol I Hohenzollern-Sigmaringen
67%
Monaco Charles III Honoré Grimaldi
67%
Kingdom of Siam Chulalongkorn Rama V
67%
Great Qing Dzaitiyan Guāngxù Dì
67%
Austria-Hungary Franz Joseph I Habsburg-Lothringen
67%
Bedonkohe Apache Goyaałé (Geronimo)
67%
Liechtenstein Johann II Liechtenstein
67%
Kingdom of Württemberg Karl I Württemberg
67%
Belgium & International Congo Society Leopold II Saxe-Coburg-Gotha
67%
Empire of Japan Mutsuhito Meiji
67%
Principality of Montenegro Nikola I Petrović-Njegoš
67%
Empire of Brazil Pedro II Bragança
67%
Kingdom of Kongo Pedro V Elelo
67%
United States Rutherford Birchard Hayes
67%
Sultanate of Brunei Abdul Momin ibni Abdul Wahab Bolkiah
33%
Emirate of Afghanistan (1880-1901) Abdur Rahman Khan Barakzai
33%
Principality of Bulgaria Aleksandyr Iozef I von Battenberg
33%
Spain (Monarch) Alfonso XII Borbón
33%
Protectorate Kingdom of Cambodia Ang Voddey Norodom
33%
Tchihendeh Apache (1870-1880) Bidu-ya (Victorio)
33%
Mandi State Bijay Sen
33%
Modoc Nation Bogus Charley
33%
KwaZulu (Zulu Kingdom) Cetshwayo kaMpande
33%
Raj of Sarawak Charles Brooke
33%
Denmark (Monarch) Christian IX Glücksburg
33%
Grand Duchy of Baden Friedrich I Zähringen
33%
Kingdom of Greece (Monarch) Geórgios I Glücksburg
33%
'Alawi Sultanate (Sharifan Sultanate/Sultante of Morocco) Hassan bin Mohammed al-'Alawi
33%
Bahrain and its Dependencies Isa bin Ali al-Khalifa
33%
Emirate of Qatar Jassim bin Mohammed al-Thani
33%
Orange Free State Johannes Henricus Brand
33%
Ni Okašką (Osage Nation) Joseph Pawnee-no-pashe
33%
Argentina (1880-1886) Julio Argentino Roca
33%
Tchihendeh Apache (1880-1886) Kas-tziden / Haškɛnadɨltla (Nana)
33%
Kingdom of Rwanda Kigeli IV Rwabugiri
33%
Kingdom of Bayern (Bavaria) Ludwig II Wittelsbach
33%
Kingdom of Portugal (Monarch) Luís I Bragança
33%
Dungarpur State Maharaval Udai Singh II
33%
Ǥáuigú (Kiowa Nation) Mamay-day-te / Lone Wolf II / Ǥûib̶à:gàui
33%
Emirate of Afghanistan (1879-1880) Mohammad Ayub Khan Barakzai
33%
Khedivate of Egypt Muhammad Tewfik I Pasha
33%
Kingdom of Buganda Muteesa I Mukaabya Walugembe Kayiira
33%
Yeke Kingdom Mwenda Msiri Ngelengwa Shitambi
33%
Qajar Iran (Guarded Domains of Iran) Naser al-Din Shah Qajar
33%
Sweden–Norway Oscar II Bernadotte
33%
Majeerteen Sultanate Osman Mahamuud II
33%
Nʉmʉnʉʉ (Comanche Nation) Quanah Parker
33%
Wassoulou Empire / Samoridugu Samori Ture
33%
Sultanate of Zanzibar Sayyid Barghash bin Said al-Busaidi
33%
Tonga Siaosi Tāufaʻāhau Tupou I
33%
Kingdom of Nepal (Monarch) Surendra Bikram Shah Dev
33%
Húŋkpapȟa Lakȟóta (Hunkpapa Lakota) Tȟatȟáŋka Íyotake / Sitting Bull
33%
Đại Nam Tự Đức / Nguyễn Phúc Hồng
33%
Ganden Phodrang Thubten Gyatso
33%
Sultanate of Muscat and Oman Turki bin Said al-Busaidi
33%
Pratapgarh State Udai Singhji Bahadur
33%
Kingdom of Italy (Monarch) Umberto I di Savoia
33%
United Kingdom (1880-1885) William Ewart Gladstone
33%
Great Joseon (Chosŏn) Yi Myeongbok Gojong
33%
Ethiopian Empire Yohannes IV / Lij Kahssai Mercha
33%
Emirate of Abu Dhabi Zayed bin Khalifa al-Nahyan
33%
Kingdom of Jimma Abba Jifar II
0%
Sultanate of Soppeng Abdul Gani Baso Batu Pute Matinroe Ri Pakkasaloe
0%
League of Prizren Albania Abdyl Frashëri
0%
Kingdom of Bagirmi Abu-Sekkin Mohammed IV
0%
Ọ̀yọ́ Empire Adeyemi I Alowolodu
0%
Pahang Kingdom Ahmad Al-Muʽazzam Shah
0%
Sultanate of Tidore Ahmad Fathuddin II Tidore
0%
Janjira State Ahmad Khan Sidi Ibrahim Khan
0%
Jambi Sultanate Ahmad Nazaruddin
0%
Tukulor Empire Ahmadu Sekou Tall
0%
Sultanate of Kutai Kartanegara Aji Muhammad Sulaiman
0%
Sultanate of Acèh Alauddin Muhammad Da'ud Syah II
0%
Eastern Rumelia Aleksandyr "Aleko" Stefanov Bogoridi
0%
Kingdom of Rapa Nui Alexander Ariʻipaea Vehiaitipare Salmon Jr.
0%
Kingdom of Greece (Prime Minister: 1878-1880, 1880-1882) Alexandros Koumoundouros
0%
Sultanate of Lahej al-Fadl III ibn 'Ali al-'Abdali
0%
Sultanate of Bulungun Ali Kahar Sultan Kaharuddin II
0%
Kingdom of Chitral Aman ul-Mulk
0%
Kingdom of ʻUvea Amelia Tokagahahau Aliki
0%
Karangasem Kingdom Anak Agung Anglurah Gede Ngurah Karangasem
0%
Dhar State Anand Raje III Pawar
0%
Chile Aníbal Pinto
0%
Kingdom of Portugal (Prime Minister) Anselmo José Braamcamp
0%
Liberia Anthony William Gardner
0%
Spain (Prime Minister) Antonio Cánovas del Castillo
0%
United States of Venezuela Antonio Guzmán Blanco
0%
Karauli State Arjun Pal II
0%
Sultanate of Ternate Ayanhar
0%
Kingdom of Travancore (1860-1880) Ayilyam Thirunal Rama Varma IV
0%
Kingdom of Jaisalmer Bairi Sal
0%
Wankaner State Banesinhji Jaswantsinhji
0%
Bamra State Basudeb Sudhal Deb
0%
Rajkot State Bawajiraj Mehrmansinhji
0%
Kingdom of Italy (Prime Minister) Benedetto Cairoli
0%
Chikashsha I̠yaakni (Chickasaw Nation) (1878-1880) Benjamin Crooks Burney
0%
Chikashsha I̠yaakni (Chickasaw Nation) (1880-1881) Benjamin Franklin Overton
0%
Paraguay (1880-1886) Bernardino Caballero
0%
Kingdom of Mangareva Bernardo Putairi
0%
Gondal State Bhagwatsimhji Sagramsimhji
0%
Bijawar State Bham Pratap Singh
0%
Datia State Bhavani Singh Judeo Bahadur
0%
Faridkot State Bikram Singh Brar Bans Bahadur
0%
Kingdom of Abemama Binoka
0%
Tripura State Bir Chandra Manikya Bahadur
0%
Rairakhol State Bishan Chandra Jenamuni
0%
Kalsia State Bishen Singh
0%
Paraguay (1878-1880) Cándido Pastor Bareiro
0%
Free and Hanseatic City of Hamburg Carl Friedrich Petersen
0%
Kingdom of Mysore Chamarajendra Wadiyar X
0%
Manipur Kingdom (Meetei Leipak) Chandrakirti Singh
0%
Kingdom of Luang Phrabang Chao Oun Kham
0%
Kingdom of Greece (Prime Minister: 1880) Charilaos Trikoupis
0%
France (1879-1880) Charles de Freycinet
0%
Ottawa Nation Che-po-qua (Henry Clay)
0%
Alipura State Chhatrapati Singh
0%
Bunyoro-Kitara Kingdom Chwa II Kabalega
0%
Netherlands Constantijn Theodoor van Lynden van Sandenburg
0%
Tsalagiyehli (Cherokee Nation) Dennis Wolf Bushyhead
0%
Isaaq Sultanate Deria Hassan
0%
Udaipur State Dharamjeet Singh Deo
0%
Dhenkanal State Dinabhandu Mahendra Bahadur
0%
Kingdom of Rūrutu (Monarch) Epatiana Teuruarii IV
0%
Al-Muntafiq Confederation Faleh Pasha al-Saadoun al-Shabibi
0%
Bone Sultanate Fatimah We Banri Matinroé ri Bolampare'na
0%
Dominican Republic (1880-1882) Fernando Antonio Arturo de Meriño y Ramírez
0%
Uruguay (1880-1882) Francisco Antonino Vidal
0%
Kingdom of Sachsen (Saxony) Friedrich August Albert I Wettin
0%
Switzerland Friedrich Emil Welti
0%
Tlôkwa Gaborone
0%
Rajpipla State Gambhirsinhji Verisalji
0%
Miraj Senior Gangadharrao II Patwardhan
0%
Kingdom of Gera Genne-fa
0%
Kingdom of Bonny George Oruigbiji Pepple Perekule VII
0%
Miskitu Coast George William Albert Hendy
0%
Kingdom of Dahomey Glele / Badohou
0%
Dominican Republic (1879-1880) Gregorio Luperón
0%
Luxembourg Guillaume III Orange-Nassau
0%
Rampur State Hajji Nawab Kalb E Ali Khan Bahadur
0%
Yogyakarta Sultanate Hamengkubuwono VII Mataram
0%
Jamnia State Hamir Singhji
0%
Naabeehó Bináhásdzo (Navajo Nation) Hastiin Chʼil Haajiní / Ashkii Diyinii / Dahaana Baadaané (Manuelito)
0%
Waⁿdát (Wyandotte Nation) Hehn-toh / John Greyeyes
0%
Kingdom of Rimatara (Regent) Heimataura Tamatoa Tamaeva V
0%
Free and Hanseatic City of Lübeck Heinrich Theodor Behn
0%
Free Republic of Rehoboth Hermanus van Wyk
0%
Nabha State Hira Singh
0%
Ecuador Ignacio Francisco Tomás Antonio de Veintemilla
0%
Sultanate of Gowa I Kumala Karaeng Lembangparang Sultan Abdul Kadir
0%
Principality of Romania (President of the Council of Ministers) Ion Constantin Brătianu
0%
Chahta Okla (Choctaw Nation) (1878-1880) Isaac Levi Garvin
0%
Benares State Ishwari Prasad Narayan Singh
0%
Jaora State Ismail Khan Sahib Bahadur
0%
Emirate of Muhammara / Emirate of Arabistan Jabir ibn Merdaw al-Kaabi
0%
Denmark (Council President) Jacob Brønnum Scavenius Estrup
0%
Khämbā State Jafar Ali Momin Khan VI
0%
Kapurthala State Jagatjit Singh Sahib Bahadur
0%
Sultanate of Sulu Jamal ul-Azam
0%
Kingdom of Bharatpur Jashwant Singh
0%
Limbdi State Jashwantsinhji Fatehsinhji
0%
Kingdom of Marwar Jaswant Singh II
0%
Gwalior State Jayajirao Scindia
0%
Dhrol State Jaysinhji II Bhuptasinhji
0%
Chhota Udaipur State Jit Singh Ji Chauhan Bahadur Sahib
0%
Nicaragua Joaquín Zavala
0%
Dominion of Canada John Alexander Macdonald
0%
Seminole Nation John Chupco
0%
Principality of Serbia (President of the Ministry: 1878-1880) Jovan Ristić
0%
France (1880-1881) Jules François Camille Ferry
0%
Andorra (Co-Prince) Jules Grévy
0%
United States of Colombia (1878-1880) Julián Trujillo
0%
Guatemala Justo Rufino Barrios
0%
Kingdom of Hawai'i Kalākaua
0%
Lathi State Kalapi Sursinhji Takhtasinhji Gohil
0%
Cantung Kingdom & Buntar Laut Kasoema Nagara Adji Darma
0%
Empire of Luba Kasongo a Kalombo
0%
Kingdom of Wolaita Kawo Tona Gaga
0%
Kingdom of Sirohi Kesari Singh
0%
Idar State Keshri Singh ji Jawansinhji Sahib Bahadur
0%
BagammaNgwato Khama III
0%
Kingdom of Champasak Kham Souk
0%
Kingdom of Phulra Khan Abdallah Khan Tanoli
0%
Kingdom of Kutch Khengarji III Sawai Bahadur
0%
Principality of Samos Konstantinos Adosidis
0%
Mayurbhanj State Krishna Chandra Bhanj Deo
0%
Senior Dewas State Krishnajirao II Baba Sahib Puar
0%
Nayaghar State Ladhu Kishore Singh Mandhata
0%
Banswara State Lakshman Singh
0%
Lozi Kingdom Lewanika
0%
Mthwakazi (Matabeleland) Lobengula Khumalo
0%
Uruguay (1879-1880) Lorenzo Latorre
0%
Haiti Louis Étienne Lysius Salomon
0%
Kingdom of Huahine Maerehia Teha'apapa II
0%
Sultanate of Aussa Mahammad "Illálta" ibn Hanfadhe al-Mudaito
0%
Athmallik State Maharaja Mahendra Deo Samant
0%
Jind-Sangrur State Maharaja Raghubir Singh
0%
Jhalawar State Maharaj Rana Zalim Singh II
0%
Bundi State Maharao Raja Shri Ram Singh
0%
Kota State Maharao Shatru Sal II
0%
Nizamate of Hyderabad Mahbub Ali Khan Asaf Jah VI
0%
Kingdom of Rarotonga Makea Takau Ariki
0%
Venda Kingdom Makhado
0%
Charkhari State Malkhan Singh Ju Deo Bundela Bahadur
0%
Sultanate of Deli Ma'mun Al Rasyid Perkasa Alam Shah
0%
Korbafo Manek Soleman Izak
0%
Alwar State Mangal Singh Prabhakar
0%
Principality of Mangkunegaran Mangkunegara IV Mataram
0%
Kingdom of Jhalavad Mansinhji II Ranmalsinhji
0%
Mexico (1880-1884) Manuel González Flores
0%
Honduras Marco Aurelio Soto
0%
Transvaal Territory (Triumvirate) Marthinus Wessel Pretorius
0%
Asante Empire Mensa Bonsu
0%
Principality of Serbia (Monarch) Milan IV Obrenović
0%
Principality of Serbia (President of the Ministry: 1880-1883) Milan Piroćanats
0%
State of Khairpur Mir 'Ali Murad Khan Talpur
0%
Khanate of Kalat Mir Khudadad Khan
0%
Radhanpur State Mohammad Bismillah Khan
0%
Hunza Mohammad Ghazan Khan I
0%
BaRolong Boo Ratshidi Montshiwa a Tawana
0%
Phaltan State Mudhoji IV Rao Naik Nimbalkar
0%
Sanusiyyah Muhammad al-Mahdi as-Senussi
0%
Emirate of Jabal Shammar Muhammad bin Abdullah al-Rashid
0%
Tonk State Muhammad Ibrahim Ali Khan
0%
Maler Kotla Muhammad Ibrahim ‘Ali Khan Bahadur
0%
Beylik of Tunis Muhammad III as-Sadiq
0%
Junagadh State Muhammad Mahabat Khanji II Bahadur
0%
Banjar Sultanate Muhammad Seman
0%
Sambas Sultanate Muhammad Shafi ud-din II
0%
Patan Thikana Mukund Singhji
0%
Emirate of Bukhara Muzaffar bin Nasrullah
0%
Kingdom of Burundi Mwezi IV Mbikije
0%
Kurwai State Najaf Muhammad Khan
0%
Junior Dewas State Narayan Rao Puar Dada Sahib
0%
Bolivia (1880-1884) Narciso Campero
0%
Tüsheet Khanate Nasantsogt Khan
0%
Argentina (1874-1880) Nicolás Avellaneda
0%
Peruvian Republic Nicolás de Piérola
0%
Sonepur State Niladhar Singh Deo
0%
Koch Bihar State Nripendra Narayan
0%
Hinono'eino (Southern Arapaho) Oh-has-tee / Hosa / Little Raven
0%
Atakpa Orok Edem-Odo Eyamba IX
0%
Geledi Sultanate Osman Ahmed
0%
Principality of Pakualaman Paku Alam V Mataram
0%
Surakarta Sunanate Pakubuwono IX Mataram
0%
Transvaal Territory (Triumvirate) Petrus "Piet" Jacobus Joubert
0%
Garhwal Kingdom Pratap Shah Sahib Bahadur
0%
Narsinghgarh State Pratap Singh
0%
Orchha State Pratap Singh Ju Deo
0%
Sant Rampur State Pratapsinhji Bhawansinhji
0%
United States of Colombia (1880-1882) Rafael Núñez
0%
El Salvador Rafael Zaldívar
0%
Surguja State Raghunath Saran Singh Deo
0%
Gangpur State Raghunath Sekhar Deo
0%
Rewa State (1854-1880) Raghuraj Singh Ju Deo Bahadur
0%
Sitamau State Raja Bhawani Singh
0%
Jawhar State Raja Patangshah IV Vikramshah Mukne
0%
Patiala State Rajinder Singh
0%
Sandur State Ramachandrarao Vitthala Rao Ghorpade
0%
Kingdom of Pudukkottai Ramachandra Tondaiman Bahadur
0%
Kingdom of Cochin Rama Varma XIV
0%
Talcher State Ramchandra Birabar Harichandan
0%
Jamkhandi State Ramchandrarao Gopalrao Patwardhan
0%
Kingdom of Nepal (Prime Minister) Ranaudip Singh Bahadur Kunwar
0%
Merina Kingdom Ranavalona II Hova
0%
Kothi State Ran Bahadur Singh
0%
Jammu and Kashmir Ranbir Singh Dogra
0%
Ratlam State Ranjit Singh
0%
Ajaigarh State Ranjor Singh Sahib Bahadur
0%
Amarasi Rasi Koroh
0%
Panna State Rudra Pratap Singh
0%
State of Bahawalpur Sadiq Muhammad IV Khan Abbasi
0%
Sultanate of Bambao Said Ali bin Said Omar
0%
Sultanate of Anjouan Saidi Abdallah III bin Salim
0%
Kingdom of Mewar Sajjan Singh
0%
Andorra (Co-Prince) Salvador Casañas y Pagés
0%
Este Mvskokvlke (Muscogee (Creek) Nation) Samuel Checote
0%
Kingdom of Wogodogo (Ouagadougou) Sanem
0%
Siantar Kingdom Sang Naualuh Damanik
0%
Yawnghwe / Nyaung Shwe Sao Maung
0%
Kishangarh State Sardul Singh
0%
Kingdom of Jaipur (1880-1922) Sawai Madho Singh II Bahadur
0%
Kingdom of Jaipur (1851-1880) Sawai Ram Singh II
0%
Baroda State Sayajirao III Gaekwad
0%
Sultanate of Siak Sri Indrapura Sayyid al-Sharif Kassim Abdul Jalil Syaifuddin I
0%
Banganapalle State Sayyid Fath-i-‘Ali Khan Bahadur
0%
Khanate of Khiva Sayyid Muhammad Rahim Bahadur Khan II
0%
Bakwena Sechele I a Motswasele
0%
Sirmur State Shamsher Prakash
0%
Bhor State Shankarrao Chimnajirao Gandekar
0%
Kanem–Bornu Empire Shehu Umar Kura
0%
Al Hamriyah Sheikh Sayf bin 'Abd al-Rahman al-Shamsi
0%
Palanpur State Sher Mohammad Khan
0%
Bikaner State Shiromani Sri Dungar Singh Bahadur
0%
State of Kolhapur Shivaji IV
0%
Indore State Shivaji Rao Holkar Bahadur XII
0%
Sailana State Shreeman Dule Singhji Bahadur
0%
Ichalkaranji State Shrimant Narayanrao Govindrao Baba Saheb Ghorpade
0%
Mudhol State Shrimant Vyankatrao II Raje Ghorpade Bahadur
0%
Dholpur State Shri Nihal Singh ji
0%
Kingdom of Tanette Siti Aisyah We Tenriolle
0%
Tsétsėhéstȧhese (Southern Cheyenne) Ski'o Mah' / Little Robe
0%
Transvaal Territory (Triumvirate) Stephanus Johannes Paulus "Paul" Kruger
0%
Amanuban Sufa Leu / Bil Nope
0%
Riau-Lingga Sultanate Sulaiman II Badrul Alam Shah
0%
Sheikhdom of Mutayr Sultan bin Humaidi bin Faisal al-Duwaish
0%
Maguindanao Sultanate Sultan Muhammad Makakwa al-Aydarus
0%
Bhopal State Sultan Shah Jahan Begum
0%
Sultanate of Serdang Sultan Tuanku Sulaiman Sharif ul-'Alam Shah ibni al-Marhum
0%
Palitana State Sursinhji Pratapsinghji
0%
Kingdom of Samoa Susuga Malietoa Laupepa
0%
State of Shahpura Swasti Shri Rajadhiraj Nahar Singh Bahadur
0%
Kingdom of Rūrutu (Regent) Taarouru a Mootua
0%
Bhavnagar State Takhtsinhji Jaswantsinhji
0%
Kingdom of Rimatara (Monarch) Tamaeva IV
0%
Egba United Government Tegumada Ademola / Gbadebo I
0%
Kingdom of Bora Bora Teriʻimaevarua III Pomare
0%
Kingdom of Tahiti Teriʻitariʻa Terātane Pōmare V
0%
Konbaung Empire (Burmese Empire) Thibaw Min
0%
Kingdom of Sikkim Thutob Namgyal
0%
Costa Rica Tomás Guardia Gutiérrez
0%
Chahta Okla (Choctaw Nation) (1880-1884) Tʋshka Homma (Jackson McCurtain)
0%
Kalahandi State Udit Pratap Deo I
0%
Bolivia (1879-1880) Uladislao Silva
0%
Rewa State (1880-1918) Venkatraman Ramanuj Prasad Singh Ju Deo Bahadur
0%
Nawanagar State Vibhaji II Ranmalji
0%
Porbandar State Vikramatji Khimojiraj Sahib
0%
Kingdom of Travancore (1880-1885) Visakham Thirunal Rama Varma V
0%
Chhatarpur State Vishwanath Singh Bahadur
0%
Morvi State Waghji II Rawaji
0%
Lunavada State Wakhatsinhji II Dalelsinhji
0%
Kingdom of Lingtsang Wangchen Tenzin
0%
Kispicotha Shawnee Nation (Absentee Shawnee) Wapameepto (Big Jim)
0%
Thâkîwaki (Sac and Fox Nation) Wunagisa Moses Keokuk
0%
Nagod State Yadvendra Singh Ju Deo
0%
Sultanate of Hobyo Yusuf Ali Kenadid
0%
No matching quizzes found
Score Distribution
Percent of People with Each Score
Percentile by Number Answered
Your Score History
You have not taken this quiz since the last reset